| 000 | 00635cam a2200217ua 4500 | ||
|---|---|---|---|
| 005 | 20260515113805.0 | ||
| 008 | 150212n ii |||gr||||Z||||||asm | ||
| 040 |
_cMAIN _aIN-DiNC |
||
| 041 | _dasm | ||
| 082 |
_a891.4514 _bSRE |
||
| 245 |
_aSrestha asomiya nirbacit prabandha/ _cEdited by Homen Bargohain |
||
| 250 | _a1st. | ||
| 260 |
_aGuwahati: _bPublication board Assam, _c2005. |
||
| 300 |
_a260p: _c23cm. |
||
| 650 | _aLiterary articles in Assamese | ||
| 650 | _aAssamese literature | ||
| 653 | _aApplied psychology | ||
| 653 | _aSrestha asomiya nirbacit prabandha | ||
| 700 |
_aBorgohain, Homen _eEditor |
||
| 942 |
_cBK _2ddc |
||
| 999 |
_c3949 _d3949 |
||